Bibliometrics : a method for the study of the literature of higher education (Record no. 63292)

MARC details
000 -CABECERA
campo de control de longitud fija 00555nam a2200193 a 4500
005 - FECHA Y HORA DE LA ÚLTIMA TRANSACCIÓN
campo de control 20210219152908.0
008 - ELEMENTOS DE LONGITUD FIJA--INFORMACIÓN GENERAL
campo de control de longitud fija 991125n 000 0 eng u
035 ## - NÚMERO DE CONTROL DEL SISTEMA
Número de control de sistema UPN01000066096
100 ## - ASIENTO PRINCIPAL--NOMBRE PERSONAL
Nombre de persona BUDD, John M
222 ## - TÍTULO CLAVE
Título clave HIGHER EDUCATION: HANDBOOK OF THEORY AND RESEARCH
245 ## - MENCIÓN DE TÍTULO
Título Bibliometrics : a method for the study of the literature of higher education
300 ## - DESCRIPCIÓN FÍSICA
Extensión 345-378
362 ## - FECHAS DE PUBLICACIÓN Y/O DESIGNACIÓN SECUENCIAL
Fecha de publicación y/o designación secuencial 1992, vol. 8
653 0# - TERMINO DE INDIZACION - NO CONTROLADO
Término no controlado BIBLIOMETRIA
653 0# - TERMINO DE INDIZACION - NO CONTROLADO
Término no controlado DOCUMENTACION
653 0# - TERMINO DE INDIZACION - NO CONTROLADO
Término no controlado EDUCACION SUPERIOR
904 ## - ELEMENTOS DE DATOS D LOCAL, LDD (RLIN)
a AC
b 003907
905 ## - TIPO DE MATERIAL
Tipo de material Articulo

No items available.